Statistics for Countries Bordering Laos - Map Quiz

Click here to take the quiz!

General Stats

  • This quiz has been taken 363 times
  • The average score is 5 of 5

Answers on the Map

Answers color-coded by a green-red scale on the quiz's map according to % correct below.
 

Answer Stats

Answer% Correct
China
97%
Vietnam
96%
Cambodia
94%
Myanmar
94%
Thailand
91%

Score Distribution

Percentile by Number Answered

Percent of People with Each Score

Your Score History

You have not taken this quiz